000 00888cab a2200217 4500
001 WB2409-48
008 090401t1988 xxu||||| |||| 00| 0 eng d
035 _a(Sirsi) u48830
041 _aeng
245 _aSacked surveyors
260 _c1988
350 _a0
490 _aEstates Gazette
_vno 8807, 20/2/88 p83
520 _aBriefly discusses the recent case Edwin Hill and Partners v First National Finance Corporation QBD 31 July 1988 (See March Abstracts) in which the plaintiffs, a firm of chartered surveyors dismissed from participation in a development project, brought an action against the defendants, alleging actionable interference with their contractual rights.
650 _aContracts
_96232
650 _aEMPLOYMENT
650 _aLEAKCLIFFE PROPERTIES LTD
690 _aMANAGEMENT-BUSINESS MANAGEMENT-PROFESSIONAL PRACTICE
942 _n0
948 _c04/03/1997
999 _c30659
_d30659